000 00694nam a2200229 u 4500
005 20240228064321.0
008 171123s2003 r 000 0 eng d
020 _a8430701796
035 _aUPN01000221740
049 _aI
050 4 _aPZ76.3
_bO2.62
100 1 _aO'Callaghan i Duch, Elena
_936888
245 1 0 _aÑam-ñam /
_cE. O'Callaghan ; il. Roser Calafell.
260 _aBarcelona, Esp. :
_bTeide,
_c2003.
300 _a23 p. :
_bil. col.
440 4 _aLos cuentos de tito, el gatito
650 4 _aGATOS -
_vLITERATURA INFANTIL
_910191
650 0 _aAnimales
_vCuentos y leyendas
_9234
650 4 _aLibros y lectura para niños
_92290
905 _aInfantil
999 _c193837
_d193837